=LDR 00000nam 2200000 4500 =001 001222 =005 20250712092715 =035 ##$$a 0010-0725000736 =007 ta =008 250712################a##########0#ind## =020 ##$$a 978-623-472-054-9 =082 ##$$a 398.209 598 =084 ##$$a 398.209 598 SOR t =100 #$$a sorya,Ley =245 1#$$a Tikus dan kambing /$c Ley sorya =250 ##$$a pertama =260 ##$$a Jakarta :$b Badan pengembangan dan pembinaan bahasa,$c 2022 =300 ##$$a 24hlm. : $b ilus. ; $c 22,9cm =650 #4$$a Ceritana Indonesia terjemahan Inggris =650 #4$$a Literasi bahan bacaan =700 #$$a try samphors